[Event "15th LCC Super Rapid 2025"]
[Site "London ENG"]
[Date "2025.12.06"]
[Round "3.34"]
[White "Tica, Sven"]
[Black "Vashisht-Pigem, Raman"]
[Result "1-0"]
[WhiteTitle "IM"]
[WhiteElo "2441"]
[BlackElo "2010"]
[WhiteFideId "14526948"]
[BlackFideId "469734"]
[EventDate "2025.12.06"]

1. d4 Nf6 2. Nf3 e6 3. g3 Be7 4. Bg2 d5 5. c4 Ne4 6. O-O f5 7. Bf4 O-O 8. h4 Nd7
9. Nc3 c6 10. Nxe4 fxe4 11. Ne5 Nxe5 12. Bxe5 Bf6 13. f3 Bxe5 14. dxe5 Qb6+ 15.
Kh2 exf3 16. exf3 Qxb2 17. f4 Qb6 18. Rc1 Bd7 19. Rf3 Rad8 20. Ra3 dxc4 21. Rxc4
Be8 22. Qg1 Qxg1+ 23. Kxg1 Rd1+ 24. Kh2 a6 25. Bh3 Rd2+ 26. Kg1 Bd7 27. Rcc3 Rd8
28. Rab3 Bc8 29. a4 R8d4 30. a5 Ra4 31. Rd3 Rd4 32. Rxd4 Rxd4 33. Kf2 Kf8 34.
Ra3 Ke7 35. Ke3 Rd5 36. Bg2 Rb5 37. g4 g6 38. Be4 Bd7 39. Bd3 Rb4 40. Rc3 Ra4
41. Rb3 Bc8 42. h5 Kf7 43. Be4 Rxa5 44. Rd3 Rd5 45. Bxd5 exd5 46. Kd4 Bxg4 47.
h6 Ke7 48. Kc5 Kd7 49. Kb6 Be6 50. Rg3 Bf5 51. Rc3 a5 52. Kxb7 d4 53. Rc4 d3 54.
Rd4+ Ke6 55. Kxc6 g5 56. Rd6+ Ke7 57. fxg5 a4 58. Rf6 Be4+ 59. Kc5 a3 60. Rf2
Ke6 61. Kd4 Bf5 62. Ra2 Ke7 63. Ke3 Ke6 64. Rxa3 Kxe5 65. Ra6 Bc8 66. g6 hxg6
67. h7 Bxa6 68. h8=Q+ Kf5 69. Qf8+ Kg5 70. Qd6 d2 71. Kxd2 Bc8 72. Qd8+ 1-0

[Event "15th LCC Super Rapid 2025"]
[Site "London ENG"]
[Date "2025.12.06"]
[Round "3.35"]
[White "Golding, James"]
[Black "Cancedda-Dupuis, Livio"]
[Result "0-1"]
[WhiteElo "2169"]
[BlackElo "2160"]
[WhiteFideId "427250"]
[BlackFideId "499447"]
[EventDate "2025.12.06"]

1. d4 Nf6 2. c4 e6 3. Nf3 d5 4. Bg5 Nbd7 5. cxd5 exd5 6. e3 h6 7. Bh4 Bd6 8. Nc3
c6 9. Bd3 O-O 10. O-O Re8 11. Rb1 a5 12. a3 Qc7 13. Qc2 Ng4 14. Bg3 Bxg3 15.
hxg3 Qd6 16. b4 Ndf6 17. Rb3 axb4 18. axb4 b5 19. Rc1 Bb7 20. Bf5 Bc8 21. Bxg4
Nxg4 22. Ne2 Bd7 23. Nf4 Ra4 24. Nd3 Bf5 25. Qc5 Qxc5 26. Nxc5 Ra2 27. Rf1 Rea8
28. Nh2 Rc2 29. Nd3 Nxh2 30. Kxh2 Raa2 31. Ne5 f6 32. g4 Be6 33. Nf3 Bxg4 34.
Kg3 Bf5 35. Nh4 Bh7 36. Nf3 Rc4 37. Rd1 Bc2 0-1

[Event "15th LCC Super Rapid 2025"]
[Site "London ENG"]
[Date "2025.12.06"]
[Round "3.36"]
[White "Porras Mateo, Felipe"]
[Black "Udovenko, Daniel"]
[Result "0-1"]
[WhiteTitle "FM"]
[WhiteElo "2356"]
[BlackElo "1927"]
[WhiteFideId "2279193"]
[BlackFideId "30957508"]
[EventDate "2025.12.06"]

1. e4 c5 2. Nf3 d6 3. d4 Nf6 4. dxc5 Nxe4 5. cxd6 Nc6 6. Bd3 Nxd6 7. O-O g6 8.
Bd2 Bg7 9. Bc3 O-O 10. Re1 b6 11. Bxg7 Kxg7 12. Nc3 Bb7 13. Qe2 e6 14. Rad1 Qc7
15. Bb5 Rfd8 16. Bxc6 Bxc6 17. Qe5+ Kg8 18. Nd4 Bb7 19. h4 Qc5 20. Qf6 Ne8 21.
Qf4 Ng7 22. Re5 Qc4 23. Rd3 f6 24. Re1 e5 25. Qxf6 Rxd4 26. Rxe5 Rxd3 27. cxd3
Qf7 28. Qg5 Rf8 29. f3 Qf4 30. Qxf4 Rxf4 31. Kf2 Rf7 32. a3 Nf5 33. Nb5 Bc6 34.
Nc3 Nxh4 35. d4 Nf5 36. d5 Bb7 37. Re1 Rd7 0-1

[Event "15th LCC Super Rapid 2025"]
[Site "London ENG"]
[Date "2025.12.06"]
[Round "3.37"]
[White "Dupuis, Denis K"]
[Black "Kovchan, Alexander"]
[Result "0-1"]
[BlackTitle "GM"]
[WhiteElo "2005"]
[BlackElo "2440"]
[WhiteFideId "452980"]
[BlackFideId "14103052"]
[EventDate "2025.12.06"]

1. e4 d6 2. Nc3 g6 3. d4 Bg7 4. Be3 Nf6 5. Qd2 a6 6. f3 Nbd7 7. Bh6 Bxh6 8. Qxh6
b5 9. O-O-O b4 10. Nb1 e5 11. Ne2 Qe7 12. Nd2 Nb6 13. h3 a5 14. dxe5 dxe5 15. f4
Bb7 16. fxe5 Qxe5 17. Nf3 Qe6 18. Ned4 Qxa2 19. Bb5+ Nfd7 20. Ne5 Qa1+ 21. Kd2
Qxb2 22. Bxd7+ Nxd7 23. Nxd7 Qxd4+ 24. Kc1 Qa1+ 25. Kd2 Qc3+ 26. Kc1 O-O-O 0-1

[Event "15th LCC Super Rapid 2025"]
[Site "London ENG"]
[Date "2025.12.06"]
[Round "3.38"]
[White "Burke, John S"]
[Black "Badacsonyi, Stanley"]
[Result "0-1"]
[BlackTitle "FM"]
[WhiteElo "1933"]
[BlackElo "2316"]
[WhiteFideId "404322"]
[BlackFideId "486973"]
[EventDate "2025.12.06"]

1. b4 Nf6 2. Bb2 g6 3. Bxf6 exf6 4. g3 Bxb4 5. Bg2 Be7 6. e3 f5 7. Ne2 Bf6 8. c3
d5 9. O-O O-O 10. d4 c6 11. Nd2 Nd7 12. c4 dxc4 13. Nxc4 Nb6 14. Qc2 Nxc4 15.
Qxc4 Be6 16. Qb4 Qe7 17. Qa5 Bc4 18. Rfe1 Bxe2 19. Rxe2 Bxd4 20. Rb1 Bb6 21. Qa4
Rad8 22. Qb3 Rd7 23. h4 Rfd8 24. h5 Qf6 25. hxg6 hxg6 26. Bf3 Qe5 27. Kg2 Rd2
28. Qc4 Rxe2 29. Qxe2 Qa5 30. Qc4 Rd2 31. Rd1 Qxa2 32. Qxa2 Rxa2 33. Kf1 Rb2 34.
Be2 Rb4 35. Rd7 Bc5 36. Rd8+ Kg7 37. Ra8 Kf6 38. Kg2 Ke7 39. Kf3 g5 40. Bd3 Kf6
41. Kg2 Rb2 42. Kf1 f4 43. gxf4 gxf4 44. Re8 a5 45. Re4 fxe3 46. fxe3 b5 47.
Rf4+ Ke6 48. Rh4 a4 49. Rh6+ f6 50. Rh5 Bxe3 51. Rh8 Bd4 52. Re8+ Kd7 53. Re2
Rxe2 54. Kxe2 Kd6 55. Kd2 Kc5 56. Kc2 Kb4 57. Kb1 c5 58. Ka2 c4 59. Bf5 Ka5 60.
Be6 c3 61. Bf5 b4 0-1

[Event "15th LCC Super Rapid 2025"]
[Site "London ENG"]
[Date "2025.12.06"]
[Round "3.39"]
[White "Ward, Cian"]
[Black "McPhillips, Joseph"]
[Result "1/2-1/2"]
[BlackTitle "IM"]
[WhiteElo "1909"]
[BlackElo "2388"]
[WhiteFideId "475599"]
[BlackFideId "422487"]
[EventDate "2025.12.06"]

1. e4 e6 2. d4 d5 3. Nd2 h6 4. Bd3 Nf6 5. Ngf3 c5 6. exd5 exd5 7. dxc5 Bxc5 8.
O-O O-O 9. Nb3 Bb6 10. c3 Nc6 11. Re1 Bg4 12. h3 Bh5 13. Be3 Re8 14. Bxb6 Qxb6
15. Rxe8+ Rxe8 16. g4 Bg6 17. Bxg6 fxg6 18. Qd3 g5 19. Re1 Re4 20. Qd2 Ra4 21.
Nc1 Rf4 22. Re3 d4 23. cxd4 Nxd4 24. Nxd4 Rxd4 25. Qc2 Nd5 26. Qc8+ Kh7 27. Qf5+
Qg6 28. Qxg6+ Kxg6 29. Rd3 Rc4 30. Rxd5 Rxc1+ 31. Kg2 Rc2 32. Rb5 b6 33. a4 Rc4
34. a5 bxa5 1/2-1/2

[Event "15th LCC Super Rapid 2025"]
[Site "London ENG"]
[Date "2025.12.06"]
[Round "3.40"]
[White "Bradley, Alan"]
[Black "Viswanath, Ganesh"]
[Result "0-1"]
[WhiteElo "2055"]
[BlackElo "1990"]
[WhiteFideId "14302934"]
[BlackFideId "3205738"]
[EventDate "2025.12.06"]

1. e4 c5 2. Nc3 Nc6 3. Nf3 d6 4. d4 cxd4 5. Nxd4 Nf6 6. Be2 e5 7. Nf3 h6 8. O-O
Be7 9. a3 O-O 10. h3 Be6 11. Be3 d5 12. exd5 Nxd5 13. Nxd5 Bxd5 14. c4 Be6 15.
Qxd8 Rfxd8 16. Rfd1 f5 17. b4 Bf6 18. Rab1 e4 19. Nd2 Ne5 20. f3 exf3 21. Nxf3
Bxc4 22. Rxd8+ Bxd8 23. Nxe5 Bxe2 24. Re1 Bb5 25. Rd1 Bf6 26. Nd7 Bb2 27. Nc5 b6
28. Ne6 Re8 29. Nc7 Rxe3 30. Nxb5 Bxa3 31. Nxa7 Bxb4 32. Rd8+ Kh7 33. Nc6 Bc5
34. Kf1 Re6 35. Na7 Rd6 36. Rb8 Rd2 37. Nc6 0-1

[Event "15th LCC Super Rapid 2025"]
[Site "London ENG"]
[Date "2025.12.06"]
[Round "3.41"]
[White "de Boer, Willem"]
[Black "Kovalskyi, Roman"]
[Result "0-1"]
[WhiteElo "1613"]
[BlackElo "2208"]
[WhiteFideId "343427251"]
[BlackFideId "14184214"]
[EventDate "2025.12.06"]

1. b3 d5 2. Bb2 c5 3. e3 Nf6 4. g3 g6 5. Bg2 Bg7 6. Nf3 O-O 7. O-O Nc6 8. d4 Qb6
9. h3 Bf5 10. Re1 Rac8 11. g4 Be4 12. Nbd2 c4 13. Nxe4 Nxe4 14. Nd2 c3 15. Nxe4
cxb2 16. Rb1 dxe4 17. Bxe4 Rfd8 18. Rxb2 Nxd4 19. exd4 Bxd4 20. Qb1 Bxf2+ 21.
Kh1 Rc3 22. Rd1 Rxh3+ 23. Kg2 Rg3+ 24. Kh2 Rxd1 25. Qxd1 Bg1+ 26. Kh1 Rh3+ 27.
Kg2 Qf2+ 28. Kxh3 Qh2# 0-1

[Event "15th LCC Super Rapid 2025"]
[Site "London ENG"]
[Date "2025.12.06"]
[Round "3.43"]
[White "Jumabayev, Rinat"]
[Black "Kuhendiran, Tharshan"]
[Result "1-0"]
[WhiteTitle "GM"]
[WhiteElo "2560"]
[BlackElo "1884"]
[WhiteFideId "13702661"]
[BlackFideId "423777"]
[EventDate "2025.12.06"]

1. d4 d5 2. c4 e6 3. Nc3 Nf6 4. cxd5 exd5 5. Bg5 Be7 6. e3 c6 7. Bd3 O-O 8. Nge2
h6 9. Bh4 Re8 10. O-O a5 11. Qc2 Nbd7 12. f3 b5 13. Bf2 Ba6 14. Rad1 b4 15. Bxa6
Rxa6 16. Na4 Bd6 17. Qd3 Ra8 18. Rc1 Nb6 19. Nc5 Bxc5 20. Rxc5 Na4 21. Rc2 Qd6
22. Rfc1 Rec8 23. Qf5 Nb6 24. e4 dxe4 25. fxe4 Qe7 26. d5 Nbd7 27. dxc6 Ne5 28.
Bc5 Qe8 29. Bd4 Nxc6 30. Bxf6 gxf6 31. Qxf6 Qxe4 32. Rxc6 Rxc6 33. Qxc6 Qe3+ 34.
Kh1 Re8 35. Ng1 Qf2 36. Qxe8+ 1-0

[Event "15th LCC Super Rapid 2025"]
[Site "London ENG"]
[Date "2025.12.06"]
[Round "3.45"]
[White "Sisupalan, Beni"]
[Black "Aghayev, Miragha"]
[Result "0-1"]
[BlackTitle "IM"]
[WhiteElo "1750"]
[BlackElo "2430"]
[WhiteFideId "494585"]
[BlackFideId "818070"]
[EventDate "2025.12.06"]

1. e4 c5 2. Nf3 e6 3. d4 cxd4 4. Nxd4 Nf6 5. Nc3 Nc6 6. Be3 Bb4 7. f3 d5 8. Nxc6
bxc6 9. exd5 Nxd5 10. Bd2 O-O 11. Nxd5 exd5 12. Be2 Bc5 13. c3 Re8 14. b4 Bb6
15. Kf1 a5 16. b5 d4 17. Bd3 dxc3 18. Be1 Rxe1+ 19. Kxe1 Qh4+ 20. g3 Qd4 21.
Bxh7+ Kxh7 22. Qxd4 Bxd4 23. Rd1 c2 24. Rc1 Bf5 25. g4 Be3 26. Ke2 Bxc1 27. Rxc1
Re8+ 28. Kd2 Rd8+ 29. Kc3 Bg6 30. f4 Be4 0-1

[Event "15th LCC Super Rapid 2025"]
[Site "London ENG"]
[Date "2025.12.06"]
[Round "3.46"]
[White "Rendle, Thomas E"]
[Black "Dishman, Matthew"]
[Result "1-0"]
[WhiteTitle "IM"]
[WhiteElo "2370"]
[BlackElo "1978"]
[WhiteFideId "408760"]
[BlackFideId "438642"]
[EventDate "2025.12.06"]

1. d4 d5 2. c4 dxc4 3. Nf3 e6 4. e3 Nf6 5. Bxc4 c5 6. O-O Nc6 7. Nc3 cxd4 8.
exd4 Be7 9. a3 O-O 10. Re1 a6 11. Ba2 Qc7 12. Bg5 Rd8 13. Rc1 Qa5 14. Qa4 Qxa4
15. Nxa4 h6 16. Bh4 g5 17. Bg3 Bd6 18. Be5 Bxe5 19. dxe5 Nd7 20. h3 Ne7 21. Rc7
b5 22. Nc3 Rb8 23. Ne4 Rb7 24. Rec1 a5 25. b4 axb4 26. axb4 Kf8 27. g4 Nb6 28.
Nd6 Rxc7 29. Rxc7 Bd7 30. Nd4 Nbd5 31. Bxd5 Nxd5 32. Rb7 Nxb4 33. N4xb5 Bxb5 34.
Rxf7+ Kg8 35. Rb7 Nc6 36. Rxb5 Nxe5 37. Ne4 Ng6 38. Rb7 Rd1+ 39. Kh2 Nf4 40.
Nf6+ Kf8 41. Rh7 Rf1 42. Kg3 Rg1+ 43. Kf3 Nxh3 44. Nd7+ Ke8 45. Nf6+ Kf8 46. Ne4
Nf4 47. Rxh6 Ra1 48. Nxg5 e5 49. Ke4 Ra4+ 50. Kf5 Nd5 51. f3 Ne7+ 52. Kxe5 Kg7
53. Rh7+ Kg6 54. Rxe7 Ra5+ 55. Ke4 1-0

[Event "15th LCC Super Rapid 2025"]
[Site "London ENG"]
[Date "2025.12.06"]
[Round "3.47"]
[White "Emms, John M"]
[Black "Benjamin, Martin J"]
[Result "1-0"]
[WhiteTitle "GM"]
[WhiteElo "2412"]
[BlackElo "1994"]
[WhiteFideId "400254"]
[BlackFideId "436895"]
[EventDate "2025.12.06"]

1. e4 c5 2. Nf3 d6 3. d4 cxd4 4. Nxd4 Nf6 5. Nc3 g6 6. Bc4 Bg7 7. O-O O-O 8. Re1
Nc6 9. h3 Bd7 10. Be3 a6 11. Bb3 Rc8 12. Nd5 Na5 13. Bg5 Nxb3 14. axb3 Nxd5 15.
exd5 f6 16. Be3 Re8 17. c3 Kf8 18. Qd2 Kg8 19. Re2 Kf7 20. Bh6 Kg8 21. b4 Kf7
22. Bxg7 Kxg7 23. Rae1 Rc7 24. h4 Bc8 25. Qf4 Rf8 26. Re3 Rf7 27. h5 Qg8 28. h6+
Kh8 29. Rxe7 Rcxe7 30. Rxe7 Qf8 31. Rxf7 Qxf7 32. Qxd6 Kg8 33. Ne6 Bxe6 34. dxe6
Qe8 35. Qd7 1-0

[Event "15th LCC Super Rapid 2025"]
[Site "London ENG"]
[Date "2025.12.06"]
[Round "3.48"]
[White "Sanitt, Ethan"]
[Black "Nainys, Zanas"]
[Result "0-1"]
[WhiteElo "2113"]
[BlackElo "2320"]
[WhiteFideId "427462"]
[BlackFideId "12844098"]
[EventDate "2025.12.06"]

1. c4 e6 2. g3 d5 3. Bg2 dxc4 4. Nf3 c5 5. Qa4+ Bd7 6. Qxc4 Bc6 7. O-O Nf6 8. d3
Nbd7 9. Qc2 Be7 10. Nc3 O-O 11. Rd1 Rc8 12. b3 b5 13. Bb2 Qb6 14. h3 Qb7 15.
Rac1 Rfd8 16. Kh2 a6 17. Ne1 Bxg2 18. Nxg2 Nb6 19. Ne4 Nxe4 20. dxe4 Rxd1 21.
Rxd1 c4 22. f3 c3 23. Bc1 b4 24. Be3 Na8 25. Nf4 Bg5 26. Qd3 h6 27. Ng2 Bf6 28.
Ne1 Nc7 29. Bc5 a5 30. Qe3 Nb5 31. Nc2 Qa6 32. e5 Bd8 33. Qd3 Qc6 34. Be3 Be7
35. Qd7 Qxd7 36. Rxd7 Bc5 37. Bc1 Ra8 38. Rb7 Nd4 39. Nxd4 Bxd4 40. f4 Bc5 41.
Rc7 Bf8 42. Be3 g6 43. Kg2 a4 44. Bc5 Bxc5 45. Rxc5 axb3 46. axb3 Ra3 47. e4
Rxb3 48. g4 Kg7 49. f5 gxf5 50. exf5 Rb2+ 51. Kg3 c2 52. Rc8 exf5 53. gxf5 Rb3+
54. Kg4 Rc3 55. f6+ Kh7 0-1

[Event "15th LCC Super Rapid 2025"]
[Site "London ENG"]
[Date "2025.12.06"]
[Round "3.49"]
[White "Kaufman, Harris"]
[Black "Timmermans, Mark"]
[Result "1/2-1/2"]
[BlackTitle "IM"]
[WhiteElo "1873"]
[BlackElo "2409"]
[WhiteFideId "343431070"]
[BlackFideId "1026399"]
[EventDate "2025.12.06"]

1. e4 e5 2. Nf3 Nc6 3. d4 exd4 4. Bc4 Nf6 5. O-O Nxe4 6. Re1 d5 7. Bxd5 Qxd5 8.
Nc3 Qd7 9. Rxe4+ Be7 10. Nxd4 f5 11. Rf4 O-O 12. Nxc6 Qxc6 13. Qd5+ Qxd5 14.
Nxd5 Bd8 15. Rd4 Re8 16. Bf4 Be6 17. Nxc7 Bxc7 18. Bxc7 Rac8 19. Bf4 Rxc2 20.
Rd2 Rc4 21. Be3 b6 22. Bd4 g5 23. f3 Kf7 24. Kf2 h5 25. g3 Rec8 26. Rad1 Rc1 27.
Bc3 Rxd1 28. Rxd1 Rc5 29. Rd8 a5 30. Rh8 b5 31. Bxa5 Rc2+ 32. Kg1 Bxa2 33. b4
Bd5 34. Rxh5 Kg6 35. Rh8 Bxf3 36. Bb6 f4 37. gxf4 gxf4 38. Rf8 Kg5 39. Bd8+ Kg4
40. Rg8+ Kf5 41. h4 Bd5 42. Rg5+ Ke4 43. Bb6 Bc6 44. Rc5 Rc4 45. Kf2 Be8 46. Ba7
Rxb4 47. h5 Rb2+ 48. Ke1 f3 49. h6 Bg6 50. Rc3 b4 51. Re3+ Kf4 52. Re6 Bf5 53.
Re7 Kg5 54. h7 Rh2 55. Rb7 Rxh7 56. Be3+ Kg4 57. Rxb4+ Kg3 58. Bf4+ Kh3 59. Kf2
Bg4 60. Rb1 Kh4 61. Rh1+ Bh3 1/2-1/2

[Event "15th LCC Super Rapid 2025"]
[Site "London ENG"]
[Date "2025.12.06"]
[Round "3.50"]
[White "Bevis, Noah"]
[Black "Buckley, Graeme N"]
[Result "1-0"]
[BlackTitle "IM"]
[WhiteElo "1921"]
[BlackElo "2256"]
[WhiteFideId "343434630"]
[BlackFideId "402265"]
[EventDate "2025.12.06"]

1. d4 Nf6 2. c4 e6 3. Nc3 Bb4 4. e3 b6 5. Ne2 Ba6 6. Ng3 O-O 7. e4 d5 8. cxd5
exd5 9. Bxa6 Nxa6 10. e5 Nd7 11. Qg4 Kh8 12. O-O c6 13. h4 Nc7 14. h5 Ne6 15.
Be3 Rc8 16. f4 Bxc3 17. bxc3 c5 18. f5 Nc7 19. h6 Rg8 20. hxg7+ Rxg7 21. Qh3 Qg8
22. Rf3 Nb5 23. f6 Rg4 24. Bh6 Qg6 25. Bg7+ Kg8 26. Nf5 Re8 27. Nh6+ 1-0

[Event "15th LCC Super Rapid 2025"]
[Site "London ENG"]
[Date "2025.12.06"]
[Round "3.51"]
[White "Lin, William"]
[Black "Ciolek, Andreas"]
[Result "0-1"]
[BlackTitle "FM"]
[WhiteElo "1688"]
[BlackElo "2206"]
[WhiteFideId "343433766"]
[BlackFideId "12906727"]
[EventDate "2025.12.06"]

1. e4 c5 2. c3 Nf6 3. e5 Nd5 4. d4 e6 5. Nf3 cxd4 6. cxd4 d6 7. Nc3 Nxc3 8. bxc3
Qc7 9. Qc2 Nd7 10. Bf4 dxe5 11. Nxe5 Bd6 12. Bb5 O-O 13. Nxd7 Bxd7 14. Bxd6 Qxd6
15. Bxd7 Qxd7 16. O-O Rac8 17. Rfd1 Rc4 18. Rd3 Rfc8 19. Qb3 Qc6 20. Rc1 b5 21.
a3 a5 22. d5 exd5 23. Qd1 Rd8 24. Rb1 Rxc3 25. Rxc3 Qxc3 26. Rxb5 Qxa3 27. h3 d4
28. Qd2 a4 29. Qa5 Qc1+ 30. Kh2 Qf4+ 31. Kg1 Rc8 32. Rc5 Re8 33. g3 Qe4 34. Qxa4
h6 35. Rc4 Rd8 36. Qa5 Rb8 37. Qc7 Rb1+ 38. Rc1 Rxc1+ 39. Qxc1 d3 40. Kf1 Qh1# 0-1

[Event "15th LCC Super Rapid 2025"]
[Site "London ENG"]
[Date "2025.12.06"]
[Round "3.52"]
[White "Tsakiris, Haralambos"]
[Black "Narang, Ishaan"]
[Result "1-0"]
[WhiteTitle "FM"]
[WhiteElo "2159"]
[BlackElo "1648"]
[WhiteFideId "4223314"]
[BlackFideId "343448437"]
[EventDate "2025.12.06"]

1. d4 Nf6 2. c4 g6 3. Nc3 d5 4. Nf3 Bg7 5. cxd5 Nxd5 6. Bg5 Nxc3 7. bxc3 c5 8.
e3 Bg4 9. Qa4+ Bd7 10. Qa3 cxd4 11. cxd4 Nc6 12. Rb1 b6 13. Be2 O-O 14. d5 Na5
15. Bxe7 Bc3+ 16. Kf1 Qc7 17. Rc1 Rfe8 18. Rxc3 Qb7 19. Bf6 Qxd5 20. Rd3 Qf5 21.
Ba1 Bb5 22. Qc3 f6 23. Nd4 Qg5 24. h4 Qe5 25. Nxb5 Qxb5 26. Qxf6 Re7 27. Qh8+
Kf7 28. Qg7+ Ke6 29. Bg4+ Qf5 30. Qf6# 1-0

[Event "15th LCC Super Rapid 2025"]
[Site "London ENG"]
[Date "2025.12.06"]
[Round "3.53"]
[White "Hng, Mei-Xian Eunice"]
[Black "Shafi, Declan"]
[Result "0-1"]
[WhiteTitle "WFM"]
[WhiteElo "2067"]
[BlackElo "2162"]
[WhiteFideId "5806585"]
[BlackFideId "2405156"]
[EventDate "2025.12.06"]

1. e4 c5 2. d4 cxd4 3. c3 d3 4. Bxd3 Nc6 5. Nf3 d6 6. Bc4 e6 7. O-O Nf6 8. Qe2
Be7 9. Rd1 Qc7 10. a4 O-O 11. h3 b6 12. Na3 a6 13. Bg5 Bb7 14. Nc2 Na5 15. Bd3
Nb3 16. Ra2 Nc5 17. Bxf6 Bxf6 18. Ncd4 e5 19. Nf5 d5 20. Ng3 Nxd3 21. Rxd3 Qc4
22. b3 Qxb3 23. Rb2 Qc4 24. Rb4 Qc5 25. exd5 Bxd5 26. Nxe5 Rfe8 27. Re3 Bg5 28.
Nd7 Rxe3 29. fxe3 Bxe3+ 30. Kh2 Qxc3 31. Nxb6 Qxb4 32. Nxd5 Qd2 33. Qf3 Re8 34.
Nf5 Bg5 35. Nfe7+ Bxe7 36. Nxe7+ Kf8 37. Nf5 Qe2 38. Qa3+ Kg8 39. Ng3 Qe5 40.
Qd3 h6 41. Qxa6 h5 42. Qc4 Qg5 43. Nf1 h4 44. Qd3 Qf4+ 45. Kg1 Qxa4 46. Qf3 Qe4
47. Qh5 Qd4+ 48. Kh1 Qf2 49. Qf3 Qxf3 50. gxf3 Re2 51. Kg1 f5 52. Nh2 Kf7 53.
Nf1 Ke6 54. Nh2 Ke5 55. Nf1 Kf4 56. Nh2 Kg3 57. Nf1+ Kxf3 0-1

[Event "15th LCC Super Rapid 2025"]
[Site "London ENG"]
[Date "2025.12.06"]
[Round "3.54"]
[White "Bonn, Thomas"]
[Black "Sandhu, Jai"]
[Result "1-0"]
[WhiteElo "2090"]
[BlackElo "1853"]
[WhiteFideId "638242"]
[BlackFideId "343439330"]
[EventDate "2025.12.06"]

1. e4 c6 2. d4 d5 3. e5 Bf5 4. Nf3 e6 5. Be2 c5 6. Be3 Qb6 7. c4 Qxb2 8. Nbd2
Nc6 9. Qc1 Qxc1+ 10. Rxc1 cxd4 11. Nxd4 Nxd4 12. Bxd4 Bb4 13. g4 Bg6 14. cxd5
exd5 15. Rc7 Ne7 16. Rxb7 a5 17. Bb5+ Kf8 18. Ke2 Rc8 19. f4 Rc2 20. Rd1 h5 21.
f5 hxg4 22. Rb8+ Nc8 23. fxg6 Rxh2+ 24. Ke3 Rh3+ 25. Kf4 Bxd2+ 26. Rxd2 Rxd2 27.
Bc5+ Kg8 28. Rxc8# 1-0

[Event "15th LCC Super Rapid 2025"]
[Site "London ENG"]
[Date "2025.12.06"]
[Round "3.55"]
[White "Kennedy, Aden"]
[Black "Yu, Rock"]
[Result "0-1"]
[WhiteElo "1783"]
[BlackElo "2055"]
[WhiteFideId "343401015"]
[BlackFideId "489000"]
[EventDate "2025.12.06"]

1. b3 e5 2. Bb2 Nc6 3. e3 d5 4. Bb5 Ne7 5. Bxe5 a6 6. Bxc6+ Nxc6 7. Bb2 Qg5 8.
Qf3 Nb4 9. Na3 Bd6 10. h3 Bf5 11. O-O-O Nxa2+ 12. Kb1 Nb4 13. d3 O-O-O 14. Ne2
Rhg8 15. g4 Bd7 16. Qg2 Qe7 17. Nc3 Be6 18. f4 Nc6 19. Ka2 f6 20. Rhe1 Bb4 21.
Re2 Qc5 22. Ncb1 Qa5 23. f5 Bf7 24. c4 dxc4 25. bxc4 Bxc4+ 26. Ka1 Bxd3 27. Rxd3
Rxd3 28. Qe4 Rgd8 29. Qe6+ Kb8 30. Rc2 Bxa3 31. Bxa3 Rxa3+ 32. Nxa3 Qxa3+ 33.
Qa2 Rd1+ 34. Rc1 Rxc1# 0-1

[Event "15th LCC Super Rapid 2025"]
[Site "London ENG"]
[Date "2025.12.06"]
[Round "3.56"]
[White "Larchikov, Maksym"]
[Black "Rich, Aaron"]
[Result "1-0"]
[WhiteElo "2149"]
[BlackElo "2035"]
[WhiteFideId "34120815"]
[BlackFideId "499951"]
[EventDate "2025.12.06"]

1. d4 Nf6 2. c4 e6 3. Nf3 Bb4+ 4. Bd2 Bxd2+ 5. Qxd2 b6 6. g3 Bb7 7. Bg2 O-O 8.
O-O Ne4 9. Qc2 d5 10. cxd5 exd5 11. Rc1 Nc6 12. e3 Rc8 13. Nc3 Nxc3 14. Qxc3 Qd6
15. Rab1 a5 16. a3 Nd8 17. b4 axb4 18. axb4 Ne6 19. b5 Ra8 20. h4 Ra3 21. Qc2
Rfa8 22. Ng5 Nxg5 23. hxg5 Rc8 24. Bh3 Ra7 25. Bxc8 Bxc8 26. Qc6 Qd8 27. Ra1
Rxa1 28. Rxa1 g6 29. Ra7 Be6 30. Ra8 Bc8 31. Qb7 Qxg5 32. Qxc8+ Kg7 33. Qf8+ Kf6
34. Qd8+ 1-0

[Event "15th LCC Super Rapid 2025"]
[Site "London ENG"]
[Date "2025.12.06"]
[Round "3.58"]
[White "Finn, Peter"]
[Black "Hu, Junyan"]
[Result "1-0"]
[WhiteTitle "CM"]
[WhiteElo "2200"]
[BlackElo "1835"]
[WhiteFideId "432156"]
[BlackFideId "343401260"]
[EventDate "2025.12.06"]

1. d4 Nf6 2. Nf3 d5 3. g3 c5 4. Bg2 e6 5. O-O Nc6 6. c4 dxc4 7. Ne5 Bd7 8. Na3
cxd4 9. Naxc4 Be7 10. Bf4 O-O 11. Rc1 Rc8 12. Qb3 Nd5 13. Qxb7 Nxf4 14. gxf4 Rc7
15. Qb3 Nxe5 16. Nxe5 Bd6 17. Rfd1 Bxe5 18. fxe5 Rxc1 19. Rxc1 Qa5 20. Qb7 Bb5
21. Bf3 Qd2 22. Rc8 Qg5+ 23. Kh1 Qxe5 24. Rxf8+ Kxf8 25. Qa8+ Ke7 26. Qxa7+ Kf6
27. Qa5 Qg5 28. Qd8+ Kg6 29. Qxd4 Qc1+ 30. Kg2 Qg5+ 31. Qg4 f5 32. Qxg5+ Kxg5
33. e3 e5 34. Bd5 f4 35. b3 Kf5 36. a4 Ba6 37. b4 e4 38. b5 Bc8 39. a5 Ke5 40.
Ba8 fxe3 41. fxe3 Kd6 42. b6 Bf5 43. a6 1-0

[Event "15th LCC Super Rapid 2025"]
[Site "London ENG"]
[Date "2025.12.06"]
[Round "3.59"]
[White "Rubeck, Jonathan"]
[Black "Quilter, Thomas A"]
[Result "0-1"]
[BlackTitle "CM"]
[WhiteElo "1921"]
[BlackElo "2162"]
[WhiteFideId "435678"]
[BlackFideId "408530"]
[EventDate "2025.12.06"]

1. e4 d5 2. exd5 c6 3. d4 cxd5 4. Nf3 Nc6 5. c4 Nf6 6. Nc3 e6 7. Be2 Be7 8. O-O
a6 9. Bf4 dxc4 10. Bxc4 b5 11. Bb3 Na5 12. Bc2 Bb7 13. Qe2 O-O 14. Rfd1 Rc8 15.
Rac1 Nc4 16. Bd3 Bxf3 17. gxf3 Qa5 18. Bb1 Qb4 19. b3 Na3 20. Ne4 Rxc1 21. Rxc1
Nxb1 22. Rxb1 Nd5 23. Qd2 Nxf4 24. Qxf4 Qxd4 25. Qe3 Qd5 26. Kh1 e5 27. Rg1 f5
28. Nc3 Qb7 29. Qxe5 Qxf3+ 30. Rg2 Bf6 31. Qd5+ Qxd5 32. Nxd5 Bd4 33. f3 Re8 34.
Rd2 Re1+ 35. Kg2 Rg1+ 36. Kh3 Bc5 37. Nc7 h5 38. Nxa6 Be3 39. Re2 f4 40. Nc7 g5
41. Rg2 Rxg2 42. Kxg2 b4 43. Ne6 g4 44. h3 g3 45. Nc7 Kf7 46. Nd5 Bd2 47. Nb6
Ke6 48. Nc4 Bc1 49. Kf1 Kd5 50. Ke2 Kd4 51. Nd6 Kc3 52. Nb5+ Kb2 53. Nd4 Be3 54.
Nb5 g2 0-1